Read this if you want to take great photographs / (Record no. 24112)

MARC details
000 -LEADER
fixed length control field 01275cam a22003615i 4500
001 - CONTROL NUMBER
control field 12323755
003 - CONTROL NUMBER IDENTIFIER
control field EG-ScBUE
005 - DATE AND TIME OF LATEST TRANSACTION
control field 20230130102035.0
008 - FIXED-LENGTH DATA ELEMENTS--GENERAL INFORMATION
fixed length control field 140213r20172014enka f 001 0 eng d
020 ## - INTERNATIONAL STANDARD BOOK NUMBER
International Standard Book Number 9781780673356
020 ## - INTERNATIONAL STANDARD BOOK NUMBER
International Standard Book Number 1780673353
040 ## - CATALOGING SOURCE
Original cataloging agency SITPL
Language of cataloging eng
Description conventions rda
Transcribing agency SITPL
Modifying agency BTCTA
-- BDX
-- UKMGB
-- CDX
-- YDXCP
-- YNK
-- UMR
-- ZQP
-- OCLCO
-- OQX
-- OCLCF
-- JYJ
-- EG-ScBUE
082 04 - DEWEY DECIMAL CLASSIFICATION NUMBER
Item number CAR
Classification number 770
Edition number 22
100 1# - MAIN ENTRY--PERSONAL NAME
Personal name Carroll, Henry,
Relator term author.
245 10 - TITLE STATEMENT
Title Read this if you want to take great photographs /
Statement of responsibility, etc Henry Carroll.
250 ## - EDITION STATEMENT
Edition statement Reprint edition.
264 #1 - PUBLICATION, DISTRIBUTION, ETC. (IMPRINT)
Place of publication, distribution, etc London :
Name of publisher, distributor, etc Laurence King Publishing Ltd.,
Date of publication, distribution, etc 2017.
300 ## - PHYSICAL DESCRIPTION
Extent 128 pages :
Other physical details illustrations ;
Dimensions 20 cm
336 ## - CONTENT TYPE
Source rdacontent
Content type term text
Content type code txt
337 ## - MEDIA TYPE
Source rdamedia
Media type term unmediated
Media type code n
338 ## - CARRIER TYPE
Source rdacarrier
Carrier type term volume
Carrier type code nc
500 ## - GENERAL NOTE
General note Includes index.
500 ## - GENERAL NOTE
General note Reprinted of the 2014 edition.
505 0# - FORMATTED CONTENTS NOTE
Formatted contents note Composition -- Exposure -- Light -- Lenses -- Seeing.
590 ## - LOCAL NOTE (RLIN)
Local note BEIN Friedlander 478: Paperbound. From the Lee Friedlander Papers.
650 #7 - SUBJECT ADDED ENTRY--TOPICAL TERM
Topical term or geographic name as entry element Photography
General subdivision Digital techniques.
Source of heading or term BUEsh
9 (RLIN) 37027
650 #7 - SUBJECT ADDED ENTRY--TOPICAL TERM
Topical term or geographic name as entry element Composition (Photography)
Source of heading or term BUEsh
650 #7 - SUBJECT ADDED ENTRY--TOPICAL TERM
Topical term or geographic name as entry element Photography
General subdivision Exposure.
Source of heading or term BUEsh
651 ## - SUBJECT ADDED ENTRY--GEOGRAPHIC NAME
Source of heading or term BUEsh
653 ## - INDEX TERM--UNCONTROLLED
Resource For college Communication and mass media
Arrived date list February2017
655 ## - INDEX TERM--GENRE/FORM
Form subdivision Reading book
942 ## - ADDED ENTRY ELEMENTS (KOHA)
Source of classification or shelving scheme Dewey Decimal Classification
Koha item type Book - Borrowing
Holdings
Withdrawn status Lost status Source of classification or shelving scheme Damaged status Not for loan Collection code Home library Current library Shelving location Date acquired Source of acquisition Cost, normal purchase price Total Checkouts Total Renewals Full call number Barcode Date last seen Date checked out Cost, replacement price Koha item type Price effective from
    Dewey Decimal Classification     Baccah Central Library Central Library Second Floor 09/02/2017 Purchase 280.00 3 8 770 CAR 000041145 15/07/2025 03/11/2021 350.00 NB - Book (Non borrowing)  
    Dewey Decimal Classification     Baccah Central Library Central Library Second Floor 09/02/2017 Purchase   3 22 770 CAR 000041146 15/07/2025 10/10/2019   Book - Borrowing 09/02/2017
    Dewey Decimal Classification     Baccah Central Library Central Library Second Floor 09/02/2017 Purchase   1 8 770 CAR 000041147 15/07/2025 27/10/2019   Book - Borrowing 09/02/2017